000 00720 a2200205 4500
999 _c183173
_d183173
005 20211217172430.0
010 _aENG-130404
020 _a978-93-8999-159-8
_c525.00
035 _aEN-113936
037 _bDBAD/PUB
082 _a342.54
_b1
100 _aBasu, Durga Das
245 _aIntroduction to The Constitution:
_cDurga Das Basu
250 _a25th Edition
260 _aHaryana
_bLexis Nexis(A Division of RELX India Pvt Ltd)
_c2021
270 _a14th floor, Building No 10,Tower-B, DLF Cyber City, Phase-II
_bGurgaon
_e1122002
_k+91 1244774444
_mhelp.in@lexisnexis.com
_l+91 1244774100
300 _axxix,507p.
_c23cm (pbk)
700 _aShukla, Ashish
942 _adpl
_cEN
_2ddc
_h342.54
_mBAS